La riada /
Guardado en:
| Autor Principal: | |
|---|---|
| Formato: | Libro |
| Publicado: |
Sevilla :
Oficina de Vázquez,
1784.
|
| Materias: | |
| Etiquetas: |
Agregar Etiqueta
Sin Etiquetas, Sea el primero en etiquetar este registro!
|
| LEADER | 00470nam a22001455a 4500 | ||
|---|---|---|---|
| 001 | EHU.bham017778 | ||
| 008 | 130507s1784##################000#0#####d | ||
| 005 | 20230424100751.0 | ||
| 245 | 1 | 0 | |a La riada / |c Cándido M. Trigueros. |
| 260 | |a Sevilla : |b Oficina de Vázquez, |c 1784. | ||
| 300 | |a 115 p. | ||
| 100 | 1 | |a Trigueros, Cándido M. | |
| 082 | 8 | 6 | |a 861.4 T734 M A |
| 653 | |a Poesía española-1701-1800 | ||
| 859 | |a AR-BHAM |b BIB. HUMANIDADES - Arturo Marasso |h 861.4 |i T734 |p 1528.57 |t Ej.1 |v M A | ||
